The study skills handbook / (Record no. 14882)
[ view plain ]
| 000 -LEADER | |
|---|---|
| fixed length control field | 01004nam a2200301 i 4500 |
| 003 - CONTROL NUMBER IDENTIFIER | |
| control field | EG-ScBUE |
| 005 - DATE AND TIME OF LATEST TRANSACTION | |
| control field | 20230216070326.0 |
| 008 - FIXED-LENGTH DATA ELEMENTS--GENERAL INFORMATION | |
| fixed length control field | 100803s2008 enka f b 00010 eeng d |
| 020 ## - INTERNATIONAL STANDARD BOOK NUMBER | |
| International Standard Book Number | 9780230573055 |
| 040 ## - CATALOGING SOURCE | |
| Original cataloging agency | EG-ScBUE |
| Language of cataloging | eng |
| Description conventions | rda |
| Transcribing agency | EG-ScBUE |
| Modifying agency | EG-ScBUE |
| 082 04 - DEWEY DECIMAL CLASSIFICATION NUMBER | |
| Classification number | 378.170281 |
| Item number | COT |
| Edition number | 22 |
| 100 1# - MAIN ENTRY--PERSONAL NAME | |
| Personal name | Cottrell, Stella, |
| Relator term | author. |
| 245 14 - TITLE STATEMENT | |
| Title | The study skills handbook / |
| Statement of responsibility, etc | Stella Cottrell. |
| 250 ## - EDITION STATEMENT | |
| Edition statement | Third edition. |
| 264 #1 - PUBLICATION, DISTRIBUTION, ETC. (IMPRINT) | |
| Place of publication, distribution, etc | Hampshire : |
| Name of publisher, distributor, etc | Palgrave Macmillan Ltd., |
| Date of publication, distribution, etc | 2008. |
| 300 ## - PHYSICAL DESCRIPTION | |
| Extent | viii, 351 pages : |
| Other physical details | illustrations ; |
| Dimensions | 24 cm. |
| 336 ## - CONTENT TYPE | |
| Source | rdacontent |
| Content type term | text |
| Content type code | txt |
| 337 ## - MEDIA TYPE | |
| Source | rdamedia |
| Media type term | unmediated |
| Media type code | n |
| 338 ## - CARRIER TYPE | |
| Source | rdacarrier |
| Carrier type term | volume |
| Carrier type code | nc |
| 490 0# - SERIES STATEMENT | |
| Series statement | Palgrave study skills |
| 504 ## - BIBLIOGRAPHY, ETC. NOTE | |
| Bibliography, etc | Includes bibliographical references and index. |
| 650 #7 - SUBJECT ADDED ENTRY--TOPICAL TERM | |
| Topical term or geographic name as entry element | Study skills |
| Form subdivision | Handbooks, manuals, etc. |
| Source of heading or term | BUEsh |
| 9 (RLIN) | 4924 |
| 653 ## - INDEX TERM--UNCONTROLLED | |
| Arrived date list | October2013 |
| Resource For college | Humanities: English |
| 655 ## - INDEX TERM--GENRE/FORM | |
| Form subdivision | Reading book |
| 856 ## - ELECTRONIC LOCATION AND ACCESS | |
| Uniform Resource Identifier | <a href="www.skills4study.com">www.skills4study.com</a> |
| 942 ## - ADDED ENTRY ELEMENTS (KOHA) | |
| Source of classification or shelving scheme | Dewey Decimal Classification |
| Koha item type | Book - Borrowing |
| Withdrawn status | Lost status | Source of classification or shelving scheme | Damaged status | Not for loan | Collection code | Home library | Current library | Shelving location | Date acquired | Source of acquisition | Total Checkouts | Total Renewals | Full call number | Barcode | Date last seen | Date checked out | Price effective from | Koha item type | Cost, normal purchase price | Cost, replacement price |
|---|---|---|---|---|---|---|---|---|---|---|---|---|---|---|---|---|---|---|---|---|
| Dewey Decimal Classification | Donation-Gift | Central Library | Central Library | First floor | 03/01/2011 | Donation | 3 | 12 | 378.170281 COT | 000022713 | 15/07/2025 | 18/10/2017 | 03/01/2011 | Book - Borrowing | ||||||
| Dewey Decimal Classification | Baccah | Central Library | Central Library | First floor | 21/11/2011 | Purchase | 12 | 45 | 378.170281 COT | 000024329 | 15/07/2025 | 24/09/2018 | 21/11/2011 | Book - Borrowing | ||||||
| Dewey Decimal Classification | Baccah | Central Library | Central Library | First floor | 21/11/2011 | Purchase | 8 | 26 | 378.170281 COT | 000025429 | 15/07/2025 | 24/09/2018 | 21/11/2011 | Book - Borrowing | ||||||
| Dewey Decimal Classification | Baccah | Central Library | Central Library | First floor | 21/11/2011 | Purchase | 6 | 27 | 378.170281 COT | 000025428 | 15/07/2025 | 16/10/2017 | 21/11/2011 | Book - Borrowing | ||||||
| Dewey Decimal Classification | Baccah | Central Library | Central Library | First floor | 21/11/2011 | Purchase | 13 | 26 | 378.170281 COT | 000025424 | 15/07/2025 | 24/09/2018 | 21/11/2011 | Book - Borrowing | ||||||
| Lost and Paid For | Dewey Decimal Classification | Baccah | Central Library | Central Library | First floor | 28/10/2013 | Purchase | 7 | 16 | 378.170281 COT | 000029269 | 16/08/2018 | 14/12/2015 | Book - Borrowing | 120.00 | |||||
| Dewey Decimal Classification | Baccah | Central Library | Central Library | First floor | 28/10/2013 | Purchase | 378.170281 COT | 000029270 | 15/07/2025 | 28/10/2013 | NB - Book (Non borrowing) | 120.00 | ||||||||
| Dewey Decimal Classification | Baccah | Central Library | Central Library | First floor | 28/10/2013 | Purchase | 12 | 8 | 378.170281 COT | 000029268 | 15/07/2025 | 06/02/2019 | 28/10/2013 | Book - Borrowing | 120.00 | |||||
| Dewey Decimal Classification | Baccah | Central Library | Central Library | First floor | 28/10/2013 | Purchase | 14 | 12 | 378.170281 COT | 000029271 | 15/07/2025 | 04/12/2017 | Book - Borrowing | 120.00 | ||||||
| Dewey Decimal Classification | Baccah | Central Library | Central Library | First floor | 28/10/2013 | Purchase | 8 | 40 | 378.170281 COT | 000029272 | 15/07/2025 | 16/10/2017 | 28/10/2013 | Book - Borrowing | 120.00 | |||||
| Dewey Decimal Classification | Baccah | Central Library | Central Library | First floor | 28/10/2013 | Purchase | 8 | 20 | 378.170281 COT | 000029267 | 15/07/2025 | 24/09/2018 | 28/10/2013 | Book - Borrowing | 120.00 | |||||
| Lost and Paid For | Dewey Decimal Classification | Baccah | Central Library | Central Library | First floor | 28/10/2013 | Purchase | 2 | 2 | 378.170281 COT | 000029266 | 26/10/2014 | 26/10/2014 | Book - Borrowing | 2800.00 | 3500.00 | ||||
| Dewey Decimal Classification | Baccah | Central Library | Central Library | First floor | 28/10/2013 | Purchase | 12 | 20 | 378.170281 COT | 000029263 | 15/07/2025 | 31/10/2018 | 28/10/2013 | Book - Borrowing | 120.00 |